| 000 | 00673nam a22001697a 4500 | ||
|---|---|---|---|
| 005 | 20250213130809.0 | ||
| 008 | 250213b |||||||| |||| 00| 0 eng d | ||
| 082 |
_22024 _aUT |
||
| 100 |
_aDe Manuel, Ludiemer C. _965216 |
||
| 245 |
_aParental involvement and mathematical proficiency among senior high school students / _cLudiemer C. De Manuel, Jhon Lawrence G. Detomal, and Earl Ray C. Usman |
||
| 260 |
_aDigos City : _bUMDC, _c©August 2024. |
||
| 300 |
_aviii, 50 pages : _billustration (some colors) ; _c29 cm. |
||
| 500 | _aIncludes references and appendices. | ||
| 700 |
_aDetomal, Jhon Lawrence G. _965217 |
||
| 700 |
_aUsman, Earl Ray C. _965218 |
||
| 942 |
_2ddc _cUT |
||
| 999 |
_c23431 _d23431 |
||